Giovanni R. F. Ferrari, City and Soul in Plato’s Republic, Sankt Augustin, 2003, 130 p. (notice n° 1648579)
[ vue normale ]
| 000 -LEADER | |
|---|---|
| fixed length control field | 01804cam a2200169 4500500 |
| 005 - DATE AND TIME OF LATEST TRANSACTION | |
| control field | 20260208003714.0 |
| 041 ## - LANGUAGE CODE | |
| Language code of text/sound track or separate title | fre |
| 042 ## - AUTHENTICATION CODE | |
| Authentication code | dc |
| 100 10 - MAIN ENTRY--PERSONAL NAME | |
| Personal name | Pradeau, Jean-François |
| Relator term | author |
| 245 00 - TITLE STATEMENT | |
| Title | Giovanni R. F. Ferrari, City and Soul in Plato’s Republic, Sankt Augustin, 2003, 130 p. |
| 260 ## - PUBLICATION, DISTRIBUTION, ETC. | |
| Date of publication, distribution, etc. | 2005.<br/> |
| 500 ## - GENERAL NOTE | |
| General note | 94 |
| 520 ## - SUMMARY, ETC. | |
| Summary, etc. | Écartant les questions traditionnelles de savoir comment il s’est singularisé dans l’histoire de la doctrine allemande du droit et les raisons qui font de lui l’un des précurseurs de la théorie des actes de langages, la présente étude évalue l’intérêt juridique de l’approche « intuitionniste » de Reinach. L’utilisation conjointe de sa définition de la promesse et des travaux de Jean-Louis Gardies devraient montrer l’impasse théorique et le faible intérêt pratique de son intuitionnisme, et ce faisant contribuer à diriger les recherches phénoménologiques en théorie du droit vers les travaux du Husserl des Idées directrices |
| 520 ## - SUMMARY, ETC. | |
| Summary, etc. | Putting aside the familiar issues of understanding how Reinach stood out in the history of German law doctrine and the reasons which make him one of the precursors of the Speech acts theory, this study attempts to evaluate the judicial interest in his « intuitionist » approach. By using both Reinach’s definition of the promise and the works of Jean-Louis Gardies to show the theoretical impasse and the slight practical interest of his intuitionism it should contribute to directing phenomenological research in law theory towards the late works of Husserl. |
| 786 0# - DATA SOURCE ENTRY | |
| Note | Les Études philosophiques | 72 | 1 | 2005-03-01 | p. 117i-142i | 0014-2166 |
| 856 41 - ELECTRONIC LOCATION AND ACCESS | |
| Uniform Resource Identifier | <a href="https://shs.cairn.info/revue-les-etudes-philosophiques-2005-1-page-117i?lang=fr&redirect-ssocas=7080">https://shs.cairn.info/revue-les-etudes-philosophiques-2005-1-page-117i?lang=fr&redirect-ssocas=7080</a> |
Pas d'exemplaire disponible.




Réseaux sociaux